| 000 | 00773nam a2200205 i 4500 | ||
|---|---|---|---|
| 001 | 104680 | ||
| 003 | ES-MaACL | ||
| 005 | 20230906183649.0 | ||
| 007 | t| | ||
| 008 | 051207s1983 sp a |||| | spa d | ||
| 100 | 1 |
_aMiñones Trillo, José. _981398 |
|
| 245 | 1 | 0 |
_aÓptica instrumental / _cpor José Miñones Trillo _b. Manual de óptica fisiológica / por Manuel Angel Parafita Mato y María del Pilar Fernández Otero. |
| 246 | 3 | 0 | _aManual de óptica fisiológica |
| 260 |
_aMadrid : _bA. F. O. A., _c1983. |
||
| 300 |
_a2 t. en 1 v. (125, 104 p.) : _bil. ; _c25 cm. |
||
| 650 |
_aÓptica- _xAparatos e instrumentos. _9151723 |
||
| 700 | 1 |
_aParafita Mato, Manuel Angel. _988918 |
|
| 700 | 1 |
_aFernández Otero, María del Pilar. _949975 |
|
| 852 |
_aES-MaACL _jL-5097 |
||
| 999 |
_c104680 _d104680 |
||